Poemas en eneasílabos : (Record no. 190789)

MARC details
000 -LEADER
campo de control de longitud fija 00835nam a2200229 i 4500
001 - NÚMERO DE CONTROL
campo de control 190789
003 - IDENTIFICADOR DE NÚMERO DE CONTROL
campo de control ES-MaACL
005 - FECHA Y HORA DE LA ÚLTIMA TRANSACCIÓN
campo de control 20250507063023.0
008 - DATOS DE LONGITUD FIJA--INFORMACIÓN GENERAL
campo de control de longitud fija 220711s2018 sp 001 p spa
080 ## - NÚMERO DE LA CLASIFICACIÓN DECIMAL UNIVERSAL
Número de la Clasificación Decimal Universal 821.134.2-14"19"
100 1# - ENTRADA PRINCIPAL--NOMBRE DE PERSONA
Nombre de persona Villa Gil, Luis Enrique de la,
Fechas asociadas al nombre 1935-
9 (RLIN) 114883
245 10 - MENCIÓN DEL TÍTULO
Título Poemas en eneasílabos :
Resto del título la inspiración de los 400 /
Mención de responsabilidad, etc. Luis Enrique de la Villa Gil.
250 ## - MENCION DE EDICION
Mención de edición 1ª ed.
260 ## - PUBLICACIÓN, DISTRIBUCIÓN, ETC.
Lugar de publicación, distribución, etc. [Madrid? :
Nombre del editor, distribuidor, etc. L.E. de la Villa],
Fecha de publicación, distribución, etc. 2018 (
Fabricante Campillo Nevado)
300 ## - DESCRIPCIÓN FÍSICA
Extensión 426 p. ;
Dimensiones 24 cm.
490 1# - MENCIÓN DE SERIE
Mención de serie El espolón encendido
830 1# - PUNTO DE ACCESO ADICIONAL DE SERIE-TÍTULO UNIFORME
Título uniforme El espolón encendido
9 (RLIN) 193514
852 4# - LOCALIZACIÓN
Ubicación ES-MaACL
Número de control de estantería A-15011
itemnumber 197972
Sublocalización o colección R.152704
Ubicación en estantería Depósito 1
Signatura antigua Olim: N-8011
Donativo/Legado Donación: Luis Enrique de la Villa Gil
903 ## - NOMBRE PERSONAL DE DONANTE
a Villa Gil, Luis Enrique de la,
d 1935-
e Donante
9 114883
942 ## - ELEMENTOS DE ENTRADA SECUNDARIOS (KOHA)
Fuente del sistema de clasificación o colocación Clasificación decimal universal
Holdings
Estatus retirado Estado de pérdida Fuente del sistema de clasificación o colocación Estado de daño No para préstamo Biblioteca de origen Biblioteca actual Ubicación en estantería Fecha de adquisición Fuente de adquisición Total de préstamos Signatura topográfica completa Código de barras Visto por última vez Precio de reemplazo Tipo de ítem Koha
    Clasificación decimal universal     Biblioteca del Ateneo de Madrid Biblioteca del Ateneo de Madrid Depósito 1 11/07/2022 Donación   A-15011 1203060 23/02/2023 23/02/2023 Libro impreso